Užívateľská aplikácia a obslužné prostredie na zobrazovanie a vyhodnocovanie meraní kvality ovzdušia

Na minha lista:
Detalhes bibliográficos
Autor principal: Ondráš, Nicolas (Author)
Outros Autores: Štofanik, Vladimír (Thesis advisor)
Formato: Manuscrito Livro
Idioma:eslovaco
Publicado em: Bratislava : STU v Bratislave FEI, 2023
Assuntos:
Acesso em linha:https://opac.crzp.sk/?fn=detailBiblioFormChildONN8F&sid=08878EB2E7E37CD0909173C0752B&seo=CRZP-detail-kniha
Tags: Adicionar Tag
Sem tags, seja o primeiro a adicionar uma tag!

MARC

LEADER 00000ntm a22000003a 4500
001 stuzp92188
003 SK-STU
005 20241113130508.5
007 ta
008 150427s2015----xo-----f-mn---000-0-slo-d
040 |a STU  |b slo 
041 0 |a slo 
044 |a xo 
100 1 |a Ondráš, Nicolas  |u 033000  |4 aut  |U FEI Fakulta elektrotechniky a informatiky  |T FEI Ústav elektroniky a fotoniky  |X 111407  |U E030  |Y 549  |7 111407 
242 0 1 |a User application and user interface for displaying and evaluating air quality measurements  |y eng 
245 1 0 |a Užívateľská aplikácia a obslužné prostredie na zobrazovanie a vyhodnocovanie meraní kvality ovzdušia 
260 |a Bratislava :  |b STU v Bratislave FEI,  |c 2023 
300 |a 52 s., príl. 
650 4 |a Životné prostredie  |2 slo 
650 4 |a Webová stránka  |2 slo 
650 4 |a Senzory  |2 slo 
650 4 |a Znečistenie ovzdušia  |2 slo 
650 4 |a Web Application  |2 eng 
650 4 |a Air Pollution  |2 eng 
650 4 |a Environment  |2 eng 
650 4 |a Sensors  |2 eng 
700 1 |a Štofanik, Vladimír  |u 033000  |k Z1  |4 ths  |U FEI Fakulta elektrotechniky a informatiky  |T FEI Ústav elektroniky a fotoniky  |X 47766  |U E030  |Y 549  |7 A000047766 
856 4 |u https://opac.crzp.sk/?fn=detailBiblioFormChildONN8F&sid=08878EB2E7E37CD0909173C0752B&seo=CRZP-detail-kniha